Becky G Charting Songs (Billboard Hot Dance) - Statistics

General Stats
  • This quiz has been taken 6 times
    2 since last reset
  • The average score is 2 of 5
Answer Stats
Album Weeks On Peak Artist(s) Song % Correct
Mad Love the Prequel 21 Weeks #7 Sean Paul & David Guetta ft. Becky G Mad Love
100%
Esquemas 8 Weeks #20 Becky G NO MIENTEN
50%
Non-Album Single 1 Week #49 Michael Brun, Anne-Marie & Becky G Coming Your Way
0%
Non-Album Single 4 Weeks #34 Becky G & Digital Farm Animals ft. Rvssian Next to You
0%
Non-Album Single 7 Weeks #32 The Black Eyed Peas & El Alfa ft. Becky G Tonight (Bad Boys: Ride or Die)
0%
No matching quizzes found
Score Distribution
Percent of People with Each Score
Percentile by Number Answered
Your Score History
You have not taken this quiz since the last reset